Capitales avec la même première et dernière lettre - Difficile - Statistiques

Statistiques générales
  • Ce quiz a été pris 51 fois
  • Le résultat moyen est 7 sur 11
Statistiques - réponses
Capitale % Correct
Abuja
82%
Accra
82%
Ankara
82%
Addis-Abeba
76%
Astana / Noursoultan
68%
Oslo
66%
Asmara
63%
Apia
61%
Tachkent
47%
Saint-Georges
39%
Saint-John's
34%
Aucun quiz correspondant
Distribution des résultats
% des personnes avec chaque résultat
Percentile par nombre de réponses
Votre historique - résultats
Vous n’avez pas pris ce quiz